000 00586nam a2200241Ia 4500
003 OSt
005 20220912150640.0
006 a|||||r|||| 00| 0
007 ta
008 220909b |||||||| |||| 00| 0 eng d
024 _a60614
037 _cTextual
040 _aCSL
_beng
_cCSL
041 _aeng
082 _aAw, M92
100 _aClark R
245 0 _aSir Edward appleton
260 _aOxford
_bPergamon Press
_c1971
300 _axiii,240p.
_ccm.
650 _aScience biographies
942 _hAw, M92
_cTEXL
_2CC
999 _c51798
_d51798